Entry Personal Name
Number of records used in: 1
001 - CONTROL NUMBER
003 - CONTROL NUMBER IDENTIFIER
005 - DATE AND TIME OF LATEST TRANSACTION
- control field:
20220630123956.0
008 - FIXED-LENGTH DATA ELEMENTS
- fixed length control field:
100727n| acannaabn |a aaa
010 ## - LIBRARY OF CONGRESS CONTROL NUMBER
- LC control number:
nb2010019608
035 ## - SYSTEM CONTROL NUMBER
- System control number:
(Uk)007869538
040 ## - CATALOGING SOURCE
- Original cataloging agency:
Uk
- Language of cataloging:
eng
- Transcribing agency:
Uk
100 1# - HEADING--PERSONAL NAME
- Personal name:
Rajamanickam, M.
- Fuller form of name:
(Muniappa),
- Dates associated with a name:
1925-
400 1# - SEE FROM TRACING--PERSONAL NAME
- Personal name:
Rajamanickam, Muniappa,
- Dates associated with a name:
1925-
670 ## - SOURCE DATA FOUND
- Source citation:
Psychological perspective of HIV & AIDS, 2006:
- Information found:
t.p. (Dr. M. Rajamanickam) verso DK CIP (hdg.: Rajamanickam, M. (Muniappa), 1925-)